000 00721nam a22001817a 4500
999 _c371822
_d371822
008 201127b ||||| |||| 00| 0 eng d
040 _aDE-2950
_bger
_cDE-2950
_erda
041 _ager
245 _aGroßbaustelle Uferpromenade.
_bBauarbeiten. Nördlich der Stadtbrücke wurde am Mittwoch der erste Spatenstich nicht nur für einen besseren Hochwasserschutz vollzogen/
_cThomas Gutke
264 _c2022
653 _aFrankfurt (Oder)
653 _aUferpromenade
773 _dFrankfurt (Oder) Märkisches Verlags- und Druckhaus GmbH & Co KG
_tMärkische Oderzeitung
_g33. Jahrgang (2022) Nr. 198 vom 25.08.2022, S. 13, mit Bild
942 _cA